[Event "Elitserien(Farsta-Skara)"]
[Site "?"]
[Date "2004.??.??"]
[Round "3"]
[White "Hillarp-Persson, Tiger"]
[Black "Backelin, Rikard"]
[Result "1-0"]
[WhiteElo "2564"]
[BlackElo "2394"]
[PlyCount "99"]

1. d4 d5 2. c4 e6 3. Nc3 c5 4. cxd5 exd5 5. Nf3 Nc6 6. e3 Nf6 7. Bb5 Bd6 8. O-O
O-O 9. h3 cxd4 10. exd4 h6 11. Re1 Bf5 12. Ne5 Rc8 13. Bf4 Ne7 14. g4 Be4 15.
f3 Bh7 16. Qd2 Ng6 17. Nxg6 Bxg6 18. Bxd6 Qxd6 19. Re5 Rfd8 20. Kg2 a6 21. Ba4
Qb4 22. Bb3 a5 23. Rd1 b6 24. h4 Re8 25. h5 Bh7 26. Kh3 Qd6 27. Rde1 Red8 28.
a3 Kh8 29. R1e2 Bg8 30. Kg2 Qc6 31. Re7 b5 32. R2e5 Nd7 33. Bxd5 Nxe5 34. Bxc6
Nxc6 35. Re4 Bh7 36. Rf4 b4 37. axb4 axb4 38. Ne2 Ne5 39. Qe3 Nd3 40. Rxf7 Nxb2
41. Qe5 Rg8 42. Nf4 Nc4 43. Qe6 b3 44. Rxg7 Kxg7 45. g5 Kh8 46. Qf6+ Rg7 47.
Kf2 Rc6 48. Qxc6 b2 49. gxh6 Rg1 50. Ng6+ 1-0

[Event "Elitserien(Farsta-Skara)"]
[Site "?"]
[Date "2004.??.??"]
[Round "3"]
[White "Hjelm, Niclas"]
[Black "Djurhuus, Rune"]
[Result "1/2-1/2"]
[WhiteElo "2396"]
[BlackElo "2578"]
[PlyCount "179"]

1. d4 e6 2. c4 b6 3. a3 Bb7 4. Nf3 f5 5. Nc3 Nf6 6. g3 d5 7. Bg2 c6 8. Bf4 Nbd7
9. cxd5 exd5 10. Rc1 Nh5 11. Qd3 Nxf4 12. gxf4 Qf6 13. O-O Bd6 14. Ne5 Rd8 15.
b4 a6 16. Kh1 O-O 17. Rg1 Qh4 18. Qg3 Qxg3 19. hxg3 b5 20. Nxd7 Rxd7 21. Rb1 a5
22. Rb3 axb4 23. axb4 Ra8 24. e3 Kf7 25. Bf3 Ra6 26. Rgb1 Rd8 27. Ne2 Ra2 28.
Kg2 Rda8 29. Nc1 Rd2 30. R1b2 Rxb2 31. Rxb2 Ra3 32. Be2 Bc8 33. Nd3 Bd7 34. Kg1
Ke6 35. Kg2 Be8 36. Kg1 Kd7 37. Kg2 Kc7 38. f3 Bh5 39. Kf2 h6 40. Ne5 Ra4 41.
Nd3 Kd7 42. Kg2 Ke6 43. Rc2 Kd7 44. Rb2 g5 45. fxg5 hxg5 46. Kf2 Ra1 47. Kg2
Kc7 48. Kf2 Kb6 49. Kg2 Ra3 50. Kf2 Ra8 51. Kg2 Kc7 52. Kf2 Kd7 53. Kg2 Ke6 54.
Rc2 Ra6 55. Kf2 Be8 56. Kg2 Ra3 57. Rb2 Bg6 58. f4 Bh5 59. Kf2 Bxe2 60. Kxe2 g4
61. Ne5 Bxe5 62. fxe5 Ra1 63. Rc2 Kd7 64. Kd3 Ra3+ 65. Rc3 Ra4 66. Rb3 Ra2 67.
Rb1 Rg2 68. Rf1 Ke6 69. Rc1 Kd7 70. Rf1 Rxg3 71. Rxf5 Rg1 72. Ke2 Rb1 73. Rg5
Rxb4 74. Rxg4 Rc4 75. Rg7+ Ke6 76. Rg6+ Kf7 77. Rf6+ Ke7 78. Rh6 b4 79. Rh7+
Ke6 80. Rb7 Rc2+ 81. Kd3 Rb2 82. Rc7 Rb3+ 83. Kd2 Kf5 84. Rf7+ Ke6 85. Rc7 Rc3
86. Rb7 Rc4 87. Kd3 c5 88. Rb6+ Ke7 89. dxc5 Rxc5 90. Rxb4 1/2-1/2

[Event "Elitserien(Farsta-Skara)"]
[Site "?"]
[Date "2004.??.??"]
[Round "3"]
[White "Jaderberg, Bjorn"]
[Black "Ziegler, Ari"]
[Result "1-0"]
[WhiteElo "2275"]
[BlackElo "2433"]
[PlyCount "89"]

1. c4 Nf6 2. Nc3 g6 3. g3 Bg7 4. Bg2 O-O 5. d4 c5 6. e3 Nc6 7. Nge2 cxd4 8.
exd4 d6 9. O-O Bf5 10. b3 Qd7 11. Be3 Bh3 12. Qd2 Bxg2 13. Kxg2 d5 14. f3 dxc4
15. bxc4 Na5 16. c5 Nc4 17. Qd3 Nxe3+ 18. Qxe3 Rfe8 19. Rab1 Rad8 20. Rfd1 Qc6
21. Kf2 e5 22. dxe5 Rxd1 23. Rxd1 Rxe5 24. Rd8+ Ne8 25. Ne4 Kf8 26. Qd3 Ke7 27.
Ra8 f5 28. Qd8+ Kf7 29. Rc8 Qa4 30. Nd6+ Kf8 31. Nxe8 Rxe8 32. Qd6+ Kg8 33.
Qd5+ Kh8 34. Qxb7 Bd4+ 35. Kg2 Bxc5 36. Qb8 Rxc8 37. Qxc8+ Kg7 38. Qxc5 Qxa2
39. Qe7+ Kg8 40. Kh3 a5 41. Nd4 Qd2 42. Qd8+ Kf7 43. Qd7+ Kg8 44. Qd5+ Kh8 45.
Qd8+ 1-0

[Event "Elitserien(Farsta-Skara)"]
[Site "?"]
[Date "2004.??.??"]
[Round "3"]
[White "Svensson, Sven"]
[Black "Lindeman, Sven"]
[Result "1-0"]
[WhiteElo "2244"]
[BlackElo "2243"]
[PlyCount "99"]

1. d4 Nf6 2. c4 e6 3. Nc3 Bb4 4. Qc2 O-O 5. Nf3 b6 6. g3 Bb7 7. Bg2 Be4 8. Qb3
Bxc3+ 9. Qxc3 d6 10. O-O Nbd7 11. b3 Rc8 12. Bb2 c5 13. Rac1 Qe7 14. Rfd1 Rfe8
15. Qe3 cxd4 16. Nxd4 Bxg2 17. Kxg2 d5 18. cxd5 Nxd5 19. Qd2 N7f6 20. f3 Qb7
21. e4 Ne7 22. Nb5 Rxc1 23. Rxc1 Qb8 24. Bxf6 gxf6 25. Qd7 Qd8 26. Rc7 Qxd7 27.
Rxd7 Nc6 28. Nxa7 Nxa7 29. Rxa7 Rd8 30. g4 Rd2+ 31. Kg3 Kg7 32. h4 e5 33. Ra6
b5 34. g5 h6 35. gxh6+ Kxh6 36. Rxf6+ Kg7 37. Rb6 Rxa2 38. Rxb5 f6 39. Kg4 Rf2
40. Rc5 Kg6 41. h5+ Kf7 42. Rc7+ Ke6 43. h6 Rh2 44. h7 Rh6 45. b4 Rg6+ 46. Kh5
Rg3 47. Kh6 Rh3+ 48. Kg7 Rg3+ 49. Kf8 Rh3 50. Kg8 1-0

[Event "Elitserien(Farsta-Skara)"]
[Site "?"]
[Date "2004.??.??"]
[Round "3"]
[White "Backlin, Stefan"]
[Black "Eklund, Lars-Goran"]
[Result "0-1"]
[WhiteElo "2120"]
[BlackElo "2298"]
[PlyCount "56"]

1. b4 e5 2. Bb2 Bd6 3. e3 Qe7 4. b5 c6 5. a4 Nf6 6. c4 Bc7 7. Nc3 O-O 8. Ba3 d6
9. Be2 Nbd7 10. Qc2 Re8 11. Nf3 e4 12. Nd4 c5 13. Nf5 Qe5 14. Ng3 Nf8 15. Bb2
Qe6 16. d3 exd3 17. Qxd3 Ng6 18. Nd5 Ba5+ 19. Kf1 Ne5 20. Qb3 Nxd5 21. cxd5 Qg6
22. Rd1 Bd7 23. f3 Rac8 24. Bxe5 Rxe5 25. Bc4 h5 26. Qd3 Qf6 27. Ne4 Qe7 28.
Kf2 Re8 0-1

[Event "Elitserien(Farsta-Skara)"]
[Site "?"]
[Date "2004.??.??"]
[Round "3"]
[White "Mohammadi, Amir"]
[Black "Ong, Kevin"]
[Result "1-0"]
[WhiteElo "2272"]
[BlackElo "2028"]
[PlyCount "59"]

1. e4 e5 2. Nf3 Nc6 3. Bc4 Nf6 4. d3 Bc5 5. Nc3 d6 6. Na4 Bb6 7. Nxb6 axb6 8.
c3 Na5 9. Bb5+ Bd7 10. Bxd7+ Qxd7 11. O-O O-O 12. h3 Nc6 13. Nh4 d5 14. Bg5 Qe6
15. f4 exf4 16. Rxf4 Nd7 17. Qf3 dxe4 18. Rxe4 Qd5 19. Qg3 f6 20. Bh6 Rf7 21.
Rg4 g5 22. Bxg5 fxg5 23. Rxg5+ Qxg5 24. Qxg5+ Kh8 25. d4 Nf6 26. Rf1 Ne4 27.
Qh6 Rg7 28. Rf4 Nd6 29. Qf6 Ne8 30. Qf8+ 1-0

[Event "Elitserien(Rockaden-Kamraterna)"]
[Site "?"]
[Date "2004.??.??"]
[Round "3"]
[White "Wessman, Richard"]
[Black "Haggstrom, Olle"]
[Result "1/2-1/2"]
[WhiteElo "2501"]
[BlackElo "2218"]
[PlyCount "50"]

1. d4 d5 2. c4 c6 3. Nf3 Nf6 4. Nc3 e6 5. cxd5 exd5 6. Bg5 Be7 7. e3 Bf5 8. Bd3
Bxd3 9. Qxd3 O-O 10. Bxf6 Bxf6 11. O-O a5 12. Rac1 Nd7 13. Rfd1 Re8 14. Na4 Be7
15. Nd2 Bd6 16. Nf1 Qe7 17. Rc2 g6 18. Qb3 b5 19. Nc5 a4 20. Qc3 Nxc5 21. dxc5
Be5 22. Qb4 f5 23. Nd2 Bg7 24. Nf3 Qe4 25. Qxe4 Rxe4 1/2-1/2

[Event "Elitserien(Rockaden-Kamraterna)"]
[Site "?"]
[Date "2004.??.??"]
[Round "3"]
[White "Svenn, matti"]
[Black "Vilchez, Victor"]
[Result "1/2-1/2"]
[WhiteElo "2287"]
[BlackElo "2375"]
[PlyCount "33"]

1. e4 c5 2. Nf3 e6 3. d4 cxd4 4. Nxd4 Nf6 5. Nc3 d6 6. Bc4 a6 7. O-O Nxe4 8.
Nxe4 d5 9. Bd3 dxe4 10. Bxe4 Be7 11. c3 Nd7 12. Qf3 Qc7 13. Bf4 Qb6 14. Be3 Qc7
15. Bf4 Qb6 16. Be3 Qc7 17. Bf4 1/2-1/2

[Event "Elitserien(Rockaden-Kamraterna)"]
[Site "?"]
[Date "2004.??.??"]
[Round "3"]
[White "Madebrink, Lars"]
[Black "Engqvist, Thomas"]
[Result "1/2-1/2"]
[WhiteElo "2216"]
[BlackElo "2419"]
[PlyCount "107"]

1. e4 c6 2. d4 d5 3. e5 c5 4. Nf3 Nc6 5. dxc5 Bg4 6. Bf4 e6 7. Bd3 Bxc5 8. O-O
Nge7 9. h3 Bh5 10. Bh2 Bxf3 11. Qxf3 Bd4 12. Nc3 Bxe5 13. Rfe1 Bxh2+ 14. Kxh2
O-O 15. Qh5 h6 16. a3 Qb6 17. f4 Nd4 18. Rab1 Rac8 19. Rf1 Qd6 20. Rbe1 Nef5
21. Qd1 Rfd8 22. Qd2 Ne7 23. Qf2 Ndc6 24. Kh1 d4 25. Ne4 Qd5 26. Ng3 Nf5 27.
Nxf5 exf5 28. b3 b5 29. Re2 g6 30. Rfe1 a6 31. Qh4 Kg7 32. a4 Rb8 33. axb5 axb5
34. Ra1 Ra8 35. Qe1 Rxa1 36. Qxa1 Qc5 37. Qa6 Rb8 38. Qa1 Rd8 39. Qa6 Rd5 40.
Qb7 Nd8 41. Qb8 Ne6 42. Qb7 Rd6 43. Re5 Qc6 44. Qxc6 Rxc6 45. g3 Nc7 46. Re7
Kf6 47. Rd7 Ne6 48. Rd5 b4 49. Rb5 Nc5 50. Bc4 Ne4 51. Kg2 Nd6 52. Rxb4 Nxc4
53. Rxc4 Rd6 54. b4 1/2-1/2

[Event "Elitserien(Sollentuna-Astorp)"]
[Site "?"]
[Date "2004.??.??"]
[Round "3"]
[White "Sjodahl, Pontus"]
[Black "Agrest, Evgenij"]
[Result "1-0"]
[WhiteElo "2435"]
[BlackElo "2711"]
[PlyCount "89"]

1. d4 Nf6 2. c4 e6 3. Nf3 c5 4. d5 exd5 5. cxd5 d6 6. Nc3 g6 7. h3 Bg7 8. e4
O-O 9. Bd3 Nh5 10. O-O a6 11. a4 Nd7 12. Re1 Re8 13. Bg5 Bf6 14. Bd2 Ne5 15.
Be2 Nxf3+ 16. Bxf3 Ng7 17. Rb1 Be5 18. b4 b6 19. Qb3 Qh4 20. Nd1 Bd7 21. Bc3 b5
22. axb5 axb5 23. bxc5 dxc5 24. Bxe5 Rxe5 25. Qc3 Qe7 26. Ne3 h5 27. Rec1 Rc8
28. Ra1 Ne8 29. Ra7 Nf6 30. d6 Qe8 31. Rc7 c4 32. Qd4 Rd8 33. Ra1 g5 34. g4
hxg4 35. hxg4 Nxe4 36. Nd5 Qe6 37. Bxe4 Qxg4+ 38. Kf1 Qh3+ 39. Bg2 Qh8 40. Rd1
Bh3 41. Re7 Bxg2+ 42. Kxg2 Rf5 43. Qxh8+ Kxh8 44. d7 Kg7 45. Ne3 1-0

[Event "Elitserien(Sollentuna-Astorp)"]
[Site "?"]
[Date "2004.??.??"]
[Round "3"]
[White "Berg, Emanuel"]
[Black "Ivarsson, Stefan"]
[Result "1/2-1/2"]
[WhiteElo "2603"]
[BlackElo "2280"]
[PlyCount "57"]

1. e4 e6 2. d4 d5 3. Nc3 Bb4 4. Nge2 dxe4 5. a3 Bxc3+ 6. Nxc3 Nc6 7. d5 exd5 8.
Qxd5 Be6 9. Qxe4 Nf6 10. Qh4 Nd4 11. Bd3 Bf5 12. Be3 Nxc2+ 13. Bxc2 Bxc2 14.
O-O O-O 15. Rac1 Qd3 16. Bd4 Rad8 17. Bxf6 gxf6 18. Rxc2 Qxc2 19. Ne4 c5 20.
Re1 Rd4 21. Nxf6+ Kh8 22. Qh6 Rg8 23. Nxg8 Rd1 24. Qf6+ Kxg8 25. Qg5+ Kh8 26.
Qf6+ Kg8 27. Qg5+ Kh8 28. Qe5+ Kg8 29. Qg5+ 1/2-1/2

[Event "Elitserien(Sollentuna-Astorp)"]
[Site "?"]
[Date "2004.??.??"]
[Round "3"]
[White "Eriksson, Johan"]
[Black "Petersson, Gosta"]
[Result "1-0"]
[WhiteElo "2444"]
[BlackElo "2094"]
[PlyCount "83"]

1. d4 d5 2. c4 Bf5 3. cxd5 Bxb1 4. Qa4+ c6 5. Rxb1 Qxd5 6. f3 e6 7. e4 Qd6 8.
Be3 Qb4+ 9. Qxb4 Bxb4+ 10. Kf2 Nf6 11. a3 Be7 12. Bc4 Nbd7 13. Ne2 O-O 14. g4
Nb6 15. Ba2 Rfd8 16. g5 Ne8 17. h4 Bf8 18. h5 g6 19. Rbc1 Bg7 20. Bb3 Nc7 21.
a4 Rd7 22. Rh2 Rad8 23. f4 Nc8 24. Rch1 Ne7 25. hxg6 hxg6 26. Rh7 Kf8 27. Bd2
c5 28. a5 Nb5 29. Ba4 a6 30. Bxb5 axb5 31. a6 bxa6 32. Ba5 Rc8 33. dxc5 Bxb2
34. e5 Rc6 35. Rh8+ Ng8 36. Ng3 Rd4 37. Ke3 Ra4 38. Bd8 Bd4+ 39. Kf3 Ra3+ 40.
Kg4 Ra1 41. R1h6 f5+ 42. gxf6 1-0

[Event "Elitserien(Sollentuna-Astorp)"]
[Site "?"]
[Date "2004.??.??"]
[Round "3"]
[White "Josefsson, Kenneth"]
[Black "Couso, Luis"]
[Result "0-1"]
[WhiteElo "2007"]
[BlackElo "2428"]
[PlyCount "62"]

1. e3 d5 2. Nf3 Nf6 3. b4 Bg4 4. Bb2 Nbd7 5. c4 c6 6. cxd5 cxd5 7. Be2 e6 8. a3
Bd6 9. Nd4 Bxe2 10. Qxe2 O-O 11. Nc3 Re8 12. O-O e5 13. Nf5 Bf8 14. Qf3 g6 15.
Ng3 Nb6 16. Ra2 Bg7 17. Ba1 Rc8 18. Qd1 h5 19. Na4 h4 20. Ne2 h3 21. Nxb6 hxg2
22. Kxg2 axb6 23. Rc2 Rxc2 24. Qxc2 d4 25. Ng3 Qd5+ 26. e4 Qe6 27. Rc1 Bh6 28.
Qd3 Bf4 29. Rc2 Kg7 30. Qc4 Qg4 31. Qe2 Qxe2 0-1

[Event "Elitserien(Sollentuna-Astorp)"]
[Site "?"]
[Date "2004.??.??"]
[Round "3"]
[White "Sandklef, Ake"]
[Black "Eriksson, Jonas"]
[Result "0-1"]
[WhiteElo "1938"]
[BlackElo "2370"]
[PlyCount "77"]

1. d4 d6 2. c4 f5 3. g3 Nf6 4. Bg2 g6 5. Nf3 Bg7 6. O-O O-O 7. Nc3 Qe8 8. b3 c6
9. e3 h6 10. Bb2 g5 11. Qd2 Nbd7 12. Ne1 Qh5 13. f4 gxf4 14. exf4 e5 15. dxe5
dxe5 16. fxe5 Nxe5 17. Ne2 Ne4 18. Bxe4 fxe4 19. Rxf8+ Bxf8 20. Nf4 Qg5 21. Qe2
Bc5+ 22. Kg2 Ng4 23. h4 Qf5 24. Nc2 e3 25. Qd3 Qxd3 26. Nxd3 Bf5 27. Nxc5 Bxc2
28. Re1 Rf8 29. Rf1 Rd8 30. Bc3 b6 31. Ne6 Be4+ 32. Kg1 Re8 33. Nf4 Bc2 34. Re1
Nf2 35. Bd4 Nd1 36. Kg2 c5 37. Ba1 Rd8 38. Nd5 Be4+ 39. Kg1 0-1

[Event "Elitserien(Sollentuna-Astorp)"]
[Site "?"]
[Date "2004.??.??"]
[Round "3"]
[White "Andersson, Fredrik"]
[Black "Olsson, Fredric"]
[Result "1-0"]
[WhiteElo "2320"]
[BlackElo "1712"]
[PlyCount "29"]

1. e4 c5 2. Nc3 d6 3. f4 Nc6 4. Bb5 e6 5. Bxc6+ bxc6 6. Nf3 Ne7 7. O-O d5 8. d3
Bd7 9. Qe1 Rb8 10. b3 Qa5 11. Bd2 Qc7 12. Ne5 g6 13. Na4 Bg7 14. Ba5 Qd6 15.
Nxf7 1-0

[Event "Elitserien(Passanten-Limhamn)"]
[Site "?"]
[Date "2004.??.??"]
[Round "3"]
[White "Schneider, Stefan"]
[Black "Cramling, Dan"]
[Result "1-0"]
[WhiteElo "2433"]
[BlackElo "2408"]
[PlyCount "73"]

1. d4 Nf6 2. Nf3 c5 3. d5 d6 4. Nc3 Qa5 5. Bd2 b5 6. a3 a6 7. e4 Qc7 8. Bg5
Nbd7 9. Bd3 g6 10. Qd2 h6 11. Be3 Bg7 12. Qc1 Bb7 13. h3 c4 14. Be2 Nc5 15. Nd2
O-O 16. O-O Rfe8 17. Bf3 e6 18. Re1 exd5 19. exd5 Ncd7 20. Nf1 Re7 21. Qd2 Rae8
22. Ng3 Kh7 23. Rad1 Nb6 24. Re2 Nfd7 25. Ree1 f5 26. h4 h5 27. Nge2 Ne5 28.
Nf4 Nxf3+ 29. gxf3 Nd7 30. Nh3 Ne5 31. Kg2 Nf7 32. Bg5 Rxe1 33. Rxe1 Rxe1 34.
Qxe1 Be5 35. f4 Bg7 36. Kg3 Qc5 37. Qe6 1-0

[Event "Elitserien(Passanten-Limhamn)"]
[Site "?"]
[Date "2004.??.??"]
[Round "3"]
[White "Lundin, Anders"]
[Black "Holst, Conny"]
[Result "1/2-1/2"]
[WhiteElo "2219"]
[BlackElo "2262"]
[PlyCount "83"]

1. d4 Nf6 2. c4 g6 3. Nc3 Bg7 4. e4 d6 5. Be2 O-O 6. Bg5 c5 7. d5 h6 8. Be3 e6
9. Qd2 exd5 10. exd5 Kh7 11. h3 Re8 12. Nf3 Ne4 13. Nxe4 Rxe4 14. Bd3 Re8 15.
O-O Nd7 16. Rfe1 Nf6 17. Bf4 Rxe1+ 18. Rxe1 b5 19. b4 bxc4 20. Bxc4 Bf5 21.
bxc5 Ne4 22. Qe3 Nxc5 23. Nd4 Be4 24. Nb5 Bf8 25. f3 Bf5 26. Nd4 Bd7 27. Nc6
Qf6 28. Qd2 Bg7 29. Bg3 Rc8 30. Nxa7 Rb8 31. Qf4 Qc3 32. Rc1 Qb2 33. Kh2 g5 34.
Qe3 Re8 35. Qg1 Qb6 36. Nc6 Bxc6 37. dxc6 Qxc6 38. Bxf7 Re2 39. Qf1 Rb2 40.
Qd3+ Nxd3 41. Rxc6 Ne5 42. Bxe5 1/2-1/2

[Event "Elitserien(Passanten-Limhamn)"]
[Site "?"]
[Date "2004.??.??"]
[Round "3"]
[White "Loven, Anders"]
[Black "Mansson, lars"]
[Result "1/2-1/2"]
[WhiteElo "2128"]
[BlackElo "2203"]
[PlyCount "85"]

1. Nf3 Nf6 2. c4 c6 3. d4 d5 4. e3 e6 5. Nbd2 Nbd7 6. b3 Be7 7. Bd3 O-O 8. O-O
b6 9. Bb2 c5 10. Qe2 Bb7 11. Rfd1 Qb8 12. Rac1 Re8 13. g3 Ne4 14. cxd5 Nxd2 15.
Rxd2 exd5 16. Bb5 Rd8 17. Ba3 Qd6 18. Bxd7 Qxd7 19. dxc5 bxc5 20. Bxc5 Rac8 21.
Rdc2 Bxc5 22. Rxc5 Rxc5 23. Rxc5 Qe7 24. Rc2 h5 25. Nd4 g6 26. Qf3 Qd7 27. h4
Rc8 28. Qe2 Rxc2 29. Qxc2 Qg4 30. b4 Bc8 31. b5 g5 32. Qe2 Qe4 33. Qxh5 Bh3 34.
Qf3 Qb1+ 35. Kh2 g4 36. Qxd5 Qf1 37. Qd8+ Kh7 38. Qa8 Qxf2+ 39. Kh1 Qf1+ 40.
Kh2 Qf2+ 41. Kh1 Qf1+ 42. Kh2 Qf2+ 43. Kh1 1/2-1/2

[Event "Elitserien(Passanten-Limhamn)"]
[Site "?"]
[Date "2004.??.??"]
[Round "3"]
[White "Nylen, Anders"]
[Black "Johansson, Carl-Fredrik"]
[Result "1-0"]
[WhiteElo "2242"]
[BlackElo "2213"]
[PlyCount "51"]

1. d4 d5 2. c4 e5 3. dxe5 d4 4. Nf3 Nc6 5. g3 f6 6. exf6 Nxf6 7. Bg2 Bc5 8. O-O
Bg4 9. Nbd2 Qe7 10. a3 a5 11. Nb3 Rd8 12. Bg5 O-O 13. Qc2 h6 14. Bxf6 Rxf6 15.
Rad1 Bf5 16. Qd2 d3 17. Rfe1 Qf8 18. Nxc5 Qxc5 19. Qe3 Qxc4 20. exd3 Rxd3 21.
Bf1 Rfd6 22. Bxd3 Bxd3 23. Ne5 Nxe5 24. Qxe5 Rf6 25. Rc1 Qg4 26. Qd5+ 1-0

[Event "Elitserien(Passanten-Limhamn)"]
[Site "?"]
[Date "2004.??.??"]
[Round "3"]
[White "Danielsson, Robert"]
[Black "Berntsen, Peter"]
[Result "1-0"]
[WhiteElo "1985"]
[BlackElo "2094"]
[PlyCount "71"]

1. d4 Nf6 2. c4 e6 3. Nc3 d5 4. cxd5 exd5 5. Bg5 Be7 6. e3 O-O 7. Qc2 c6 8. Bd3
Nbd7 9. Nf3 Re8 10. O-O Nf8 11. Rab1 h6 12. Bxf6 Bxf6 13. b4 a6 14. a4 Qd6 15.
b5 axb5 16. axb5 c5 17. dxc5 Qxc5 18. Ne4 Qb6 19. Nxf6+ Qxf6 20. Qc5 Rd8 21. b6
Bf5 22. Bxf5 Qxf5 23. Nd4 Qd7 24. h3 Ne6 25. Qc3 Nxd4 26. Qxd4 Ra4 27. Qd3 Qe6
28. Rfc1 Rd6 29. Rc7 g6 30. Rxb7 d4 31. Rb8+ Kg7 32. b7 Rb6 33. Ra8 Rxb1+ 34.
Qxb1 dxe3 35. Qb2+ Qf6 36. Rg8+ 1-0

[Event "Elitserien(LASK-Eksjo)"]
[Site "?"]
[Date "2004.??.??"]
[Round "4"]
[White "Gdanski, Jacek"]
[Black "Niklasson, Christer"]
[Result "1-0"]
[WhiteElo "2569"]
[BlackElo "2413"]
[PlyCount "77"]

1. e4 c5 2. Nc3 e6 3. Nge2 a6 4. g3 Nc6 5. Bg2 Nf6 6. O-O d6 7. d3 Be7 8. h3
O-O 9. Be3 Qc7 10. g4 b5 11. g5 Nd7 12. f4 b4 13. Na4 Re8 14. c4 bxc3 15. Naxc3
Rb8 16. b3 Nb6 17. Qd2 Bf8 18. Rac1 Qd7 19. d4 cxd4 20. Nxd4 Nxd4 21. Bxd4 Qd8
22. f5 Nd7 23. f6 g6 24. Ba7 Ra8 25. Be3 Bb7 26. Na4 Rc8 27. Rcd1 Qc7 28. h4
Bc6 29. h5 Bxa4 30. bxa4 Qc2 31. hxg6 hxg6 32. a5 Ne5 33. Bb6 Qa4 34. Rc1 Nc4
35. Qf4 Nxa5 36. Rcd1 Nc4 37. Rd3 Qb4 38. Rh3 Qxb6+ 39. Kh1 1-0

[Event "Elitserien(LASK-Eksjo)"]
[Site "?"]
[Date "2004.??.??"]
[Round "4"]
[White "Rothen, Hakan"]
[Black "Johnson, Bjorn"]
[Result "1-0"]
[WhiteElo "2351"]
[BlackElo "2307"]
[PlyCount "69"]

1. d4 e6 2. Nf3 f5 3. c3 Nf6 4. Bg5 d5 5. e3 Bd6 6. Ne5 O-O 7. Nd2 b6 8. f4 Ba6
9. Bxa6 Nxa6 10. O-O Qe8 11. Qe2 Nb8 12. Kh1 Ne4 13. Nxe4 Bxe5 14. fxe5 fxe4
15. Rxf8+ Kxf8 16. Rf1+ Kg8 17. c4 c6 18. Qg4 Na6 19. h4 h5 20. Qe2 Nb4 21. g4
hxg4 22. Qxg4 Qd7 23. h5 Rf8 24. Rxf8+ Kxf8 25. h6 g6 26. Qh4 Qf7 27. Be7+ Ke8
28. Bf6 Qh7 29. Bg7 g5 30. Qh5+ Ke7 31. Qxg5+ Kd7 32. Bf8 Kc8 33. Qf6 Nd3 34.
Qxe6+ Kd8 35. Qe7+ 1-0

[Event "Elitserien(LASK-Eksjo)"]
[Site "?"]
[Date "2004.??.??"]
[Round "4"]
[White "Persson, Hakon"]
[Black "Thornert, Hakan"]
[Result "1/2-1/2"]
[WhiteElo "2375"]
[BlackElo "2281"]
[PlyCount "90"]

1. c4 e5 2. Nc3 Nc6 3. g3 g6 4. Bg2 Bg7 5. e3 d6 6. d3 f5 7. Nge2 Nf6 8. a3 a5
9. O-O O-O 10. Bd2 Be6 11. Nd5 g5 12. f4 h6 13. Qb3 Qc8 14. Bc3 a4 15. Qc2 Qd7
16. Rae1 Qf7 17. e4 fxe4 18. Nxf6+ Bxf6 19. f5 Bc8 20. Bxe4 Ne7 21. g4 c6 22.
Bf3 Bd7 23. Ng3 Rfd8 24. Ne4 Be8 25. Qf2 c5 26. Nxf6+ Qxf6 27. Bxb7 Ra7 28. Be4
Nc6 29. Qg2 Nd4 30. Bd5+ Kf8 31. Rf2 Rb8 32. Qe4 Rb6 33. Rd2 Raa6 34. Bxd4 cxd4
35. c5 Rb5 36. Bc4 Bc6 37. Qe2 Raa5 38. Bxb5 Rxb5 39. cxd6 Qxd6 40. Rc2 Bb7 41.
Qd1 Qd5 42. Re4 Qb3 43. Re1 Qd5 44. Re4 Qb3 45. Re1 Qd5 1/2-1/2

[Event "Elitserien(LASK-Eksjo)"]
[Site "?"]
[Date "2004.??.??"]
[Round "4"]
[White "Nilsson, Sebastian"]
[Black "Gustafsson, Fredrik"]
[Result "1-0"]
[WhiteElo "2282"]
[BlackElo "2198"]
[PlyCount "71"]

1. e4 c5 2. Nf3 d6 3. d4 cxd4 4. Nxd4 Nf6 5. Nc3 g6 6. Be3 Bg7 7. f3 O-O 8. Qd2
Nc6 9. Bc4 Nd7 10. h4 Nb6 11. Bb3 Na5 12. Qd3 Bd7 13. h5 Rc8 14. hxg6 hxg6 15.
O-O-O Nbc4 16. Bf2 b5 17. Kb1 e6 18. f4 Rc5 19. Nxe6 Nxb2 20. Nxd8 Nxd3 21.
Bxc5 Nxc5 22. Nxf7 Naxb3 23. Nh6+ Bxh6 24. Rxh6 Kg7 25. Rdh1 Nd4 26. Rh7+ Kg8
27. Rh8+ Kf7 28. R1h7+ Ke8 29. Nd5 Rxh8 30. Rxh8+ Kf7 31. Rh7+ Ke8 32. Nf6+ Kd8
33. g4 Nde6 34. f5 Nf8 35. Rf7 gxf5 36. exf5 1-0

[Event "Elitserien(LASK-Eksjo)"]
[Site "?"]
[Date "2004.??.??"]
[Round "4"]
[White "Krantz, Christopher"]
[Black "Olsson, Tomas"]
[Result "1-0"]
[WhiteElo "2177"]
[BlackElo "2217"]
[PlyCount "120"]

1. e4 e5 2. Nf3 Nc6 3. Bc4 Bc5 4. Nc3 Nf6 5. d3 d6 6. Be3 Bb6 7. O-O O-O 8.
Bxb6 axb6 9. h3 Na5 10. Re1 Nxc4 11. dxc4 Be6 12. b3 Nd7 13. Qd2 Nc5 14. g4 Bd7
15. a4 Ne6 16. Kh2 Qf6 17. Kg3 Bc6 18. Nd5 Bxd5 19. cxd5 Nf4 20. h4 Qg6 21. Qe3
f5 22. exf5 Rxf5 23. Qe4 Raf8 24. Ng5 R5f6 25. c4 h6 26. Qxg6 Rxg6 27. Ne4 Nh5+
28. Kh3 Rf3+ 29. Kg2 Rxb3 30. f3 Nf4+ 31. Kg3 Nh5+ 32. Kf2 Nf4 33. Reb1 Rd3 34.
h5 Rf6 35. Nxf6+ gxf6 36. a5 Rd2+ 37. Kf1 Rh2 38. axb6 cxb6 39. Kg1 Rg2+ 40.
Kh1 Rc2 41. Rxb6 Rxc4 42. Rxb7 Rc8 43. Rb5 f5 44. Ra6 fxg4 45. fxg4 e4 46. Rb4
Nd3 47. Rd4 Re8 48. Ra2 Kf7 49. Re2 Re5 50. Kh2 Nc5 51. Rf2+ Ke7 52. Kg3 Nd3
53. Re2 Nc5 54. Kf4 Kf6 55. Rd1 Nd3+ 56. Ke3 Kg5 57. Rg2 Nc5 58. Kd4 Nd3 59.
Re2 Nc5 60. Rg1 Kf4 1-0

[Event "Elitserien(LASK-Eksjo)"]
[Site "?"]
[Date "2004.??.??"]
[Round "4"]
[White "Riis, Jens"]
[Black "Akvist, Hakan"]
[Result "1-0"]
[WhiteElo "2234"]
[BlackElo "2132"]
[PlyCount "85"]

1. d4 Nf6 2. Nf3 e6 3. Bf4 c5 4. c3 Nc6 5. e3 b6 6. Bd3 Bb7 7. Nbd2 Be7 8. h3
Nd5 9. Bh2 f5 10. O-O O-O 11. a3 Rc8 12. c4 Nf6 13. d5 exd5 14. cxd5 Nxd5 15.
Qb1 Nf6 16. Bxf5 Ba6 17. Rd1 Be2 18. Re1 Bxf3 19. Nxf3 Qe8 20. Rd1 g6 21. Bd3
d6 22. Bxd6 Bxd6 23. Bc4+ Kg7 24. Rxd6 Na5 25. Ba6 Rc7 26. b4 Qe7 27. Rd1 cxb4
28. axb4 Nc6 29. Rc1 Ne5 30. Nd4 Rxc1+ 31. Qxc1 Ne4 32. Ra2 Rf6 33. f4 Nf7 34.
Bd3 Ned6 35. Nc6 Qe8 36. b5 Re6 37. Kf2 Nb7 38. Rxa7 Nfd6 39. Ne5 Qd8 40. Kg1
Qb8 41. Qa1 Kh6 42. Ng4+ Kh5 43. Qg7 1-0

[Event "Elitserien(Kamraterna-Limhamn)"]
[Site "?"]
[Date "2004.??.??"]
[Round "4"]
[White "Hector, Jonny"]
[Black "Svensson, Bengt"]
[Result "1-0"]
[WhiteElo "2637"]
[BlackElo "2463"]
[PlyCount "45"]

1. e4 c5 2. Nf3 d6 3. d4 cxd4 4. Nxd4 Nf6 5. Nc3 a6 6. Bg5 e6 7. f4 Nbd7 8. Qf3
Qc7 9. O-O-O b5 10. Bxf6 Nxf6 11. e5 Bb7 12. Qe3 Nd5 13. Nxd5 Bxd5 14. Nxb5
axb5 15. Rxd5 Rxa2 16. Rxb5 Ra1+ 17. Kd2 dxe5 18. Qb3 Qd8+ 19. Bd3 Rxh1 20. Rb8
exf4 21. Qa4+ Ke7 22. Rb7+ Kd6 23. Qd4+ 1-0

[Event "Elitserien(Kamraterna-Limhamn)"]
[Site "?"]
[Date "2004.??.??"]
[Round "4"]
[White "Wengholm, Anders"]
[Black "Brynell, Stellan"]
[Result "1/2-1/2"]
[WhiteElo "2226"]
[BlackElo "2595"]
[PlyCount "160"]

1. Nf3 d5 2. d4 Nc6 3. c4 Bg4 4. Nc3 e6 5. Bg5 Be7 6. Bxe7 Ngxe7 7. e3 O-O 8.
Rc1 e5 9. cxd5 Nxd5 10. Be2 exd4 11. Nxd4 Nxc3 12. Rxc3 Bxe2 13. Nxe2 Qxd1+ 14.
Kxd1 Rfd8+ 15. Kc2 Rd7 16. Nd4 Nxd4+ 17. exd4 c6 18. Rd1 Kf8 19. Rh3 h6 20. Re3
Rad8 21. Kc3 Rd5 22. Rdd3 R8d6 23. Re5 f6 24. Ree3 Kf7 25. Kc4 g5 26. b4 h5 27.
f4 gxf4 28. Re4 Rg5 29. Rd2 Rg4 30. Rf2 Re6 31. Rxe6 Kxe6 32. Re2+ Kd6 33. a4
Rh4 34. Rf2 Rxh2 35. Rxf4 Ke6 36. Re4+ Kf7 37. Re2 h4 38. Kd3 Rh1 39. b5 Ra1
40. bxc6 bxc6 41. Rc2 Rxa4 42. Rxc6 Ra2 43. d5 Rxg2 44. Rc7+ Kg6 45. d6 Rg1 46.
d7 Rd1+ 47. Ke2 Rd6 48. Rxa7 Kg5 49. Ke3 f5 50. Kf3 h3 51. Kg3 Rd3+ 52. Kh2 Kg4
53. d8=Q Rxd8 54. Rg7+ Kf3 55. Rg3+ Ke2 56. Rxh3 f4 57. Ra3 f3 58. Kg3 Rg8+ 59.
Kh3 f2 60. Ra2+ Ke1 61. Ra1+ Ke2 62. Ra2+ Ke3 63. Ra3+ Ke4 64. Ra4+ Ke5 65.
Ra5+ Kd4 66. Ra4+ Ke3 67. Ra3+ Ke4 68. Ra4+ Ke5 69. Ra5+ Ke6 70. Ra6+ Kf5 71.
Ra5+ Kf6 72. Ra6+ Ke7 73. Ra7+ Ke8 74. Ra8+ Kd7 75. Ra7+ Ke8 76. Ra8+ Kf7 77.
Ra7+ Kf6 78. Ra6+ Kg5 79. Ra5+ Kh6 80. Rf5 Rg5 1/2-1/2